000 00605nam a2200193Ia 4500
005 20250508153836.0
008 008 250505s9999 xx 000 0 eng d
037 _aTextual
040 _aFEDL
_beng
_cFEDL
041 _aeng
_2eng
084 _a370.58, UNE
_qFEDL
245 0 _aAnnuaire international de L' education : Et de L' enseignement 1948
245 0 _cUNESCO (Paris France)
260 _aParis, France
_bUnited Nation Educational Scientfic and Cultural Orgnization
_c1953
300 _a312p
650 _aEducation
942 _cTEXL
_h370.58, UNE
999 _c1345881
_d1345881